Programming in ADA

Enregistré dans:
Détails bibliographiques
Auteur principal: Barnes, John Gilbert Presslie
Format: Livre
Langue:anglais
Publié: Wokingham Addison-Wesley Pub. Co. 1989
Édition:3. ed.
Tags: Ajouter un tag
Pas de tags, Soyez le premier à ajouter un tag!

MARC

LEADER 00000nam a2200000 4500
001 c034387
005 20250609140737.8
041 0 |a eng 
044 |a US 
245 1 0 |a Programming in ADA  |c John Gilbert Presslie Barnes 
250 |a 3. ed. 
264 1 |a Wokingham  |b Addison-Wesley Pub. Co.  |c 1989 
300 |a 494 s. 
100 1 |a Barnes, John Gilbert Presslie